| 000 | 00823nam a2200253Ia 4500 | ||
|---|---|---|---|
| 003 | OSt | ||
| 005 | 20220923223423.0 | ||
| 006 | a|||||r|||| 00| 0 | ||
| 007 | ta | ||
| 008 | 220922b |||||||| |||| 00| 0 hin d | ||
| 024 | _a215,103 | ||
| 037 | _cTextual | ||
| 040 |
_aARTS _cARTS _bhin |
||
| 041 |
_2hin _ahin |
||
| 082 | _aO152,3N14w, M9 | ||
| 100 |
_aगोयनका, कमलकिशोर _9156292 |
||
| 245 | 0 | _aयशपाल कुछ संस्मरण | |
| 246 | _aYashapāl kuchh sansmaraṇa | ||
| 260 |
_aदिल्ली _b पराग प्रका0 _c1990 |
||
| 300 |
_a200 पृ. _ccm. |
||
| 650 |
_aहिन्दी साहित्य _9156264 |
||
| 942 |
_hO152,3N14w, M9 _cTEXL _2CC |
||
| 999 |
_c365017 _d365017 |
||